[Základy podnikání]
Recenzia na publikáciu, ktorá je rozdelená do šiestich samostatných kapitol doplnených praktickými príkladmi a bohatou čerpanou literatúrou.
Gespeichert in:
| 1. Verfasser: | |
|---|---|
| Format: | Buchkapitel |
| Sprache: | Slowakisch |
| Schlagworte: | |
| Tags: |
Keine Tags, Fügen Sie das erste Tag hinzu!
|
MARC
| LEADER | 00000naa a2200000 4500 | ||
|---|---|---|---|
| 001 | 0119289 | ||
| 005 | 20231107075406.5 | ||
| 041 | 0 | |a slo | |
| 044 | |a SK | ||
| 245 | 1 | 0 | |a [Základy podnikání] |c Alena Chodasová |
| 520 | |a Recenzia na publikáciu, ktorá je rozdelená do šiestich samostatných kapitol doplnených praktickými príkladmi a bohatou čerpanou literatúrou. | ||
| 610 | 2 | 0 | |a manažment strategický |
| 610 | 2 | 0 | |a podnikanie |
| 610 | 2 | 0 | |a recenzie |
| 610 | 2 | 0 | |a nástroje marketingové |
| 610 | 2 | 0 | |a riadenie podnikové |
| 100 | 1 | |a Chodasová, Alena | |